| 000 | 00883 a2200229 4500 | ||
|---|---|---|---|
| 005 | 20080819161555.0 | ||
| 008 | 080819t xxu||||| |||| 00| 0 eng d | ||
| 010 | _aENG-84768 | ||
| 020 |
_a8175244127 _c90.00 |
||
| 035 | _aEN-68301 | ||
| 037 | _bD.B.Act / Pub | ||
| 040 |
_adpl _bEnglish |
||
| 082 | _a796.91 | ||
| 245 |
_aSkating _cedited by Narendra Kumar _bskills and techniques |
||
| 260 |
_aNew Delhi _bKhel Sahitya Kendra _c2006 |
||
| 270 |
_a7/26, Ansari Road, Darya Ganj, _bNew Delhi _cDelhi _e110002 _k55190343, 42564726 _l42564726 _mkhelsahitya1@rediffmail.com |
||
| 300 |
_a48 p. _c21 cm (Hb) |
||
| 650 | _aSkating | ||
| 700 | _aNarendra Kumar | ||
| 942 |
_adpl _cEN _k796.91 / SKA _2ddc _h796.91 _mSKA |
||
| 999 |
_c339 _d339 |
||